[Event "Dortmund op-A"]
[Site "Dortmund"]
[Date "1992.??.??"]
[Round "1"]
[White "Dolmatov, Sergey"]
[Black "Koscielski, Janusch"]
[Result "1-0"]
[WhiteElo "2595"]
[BlackElo "2305"]
[Annotator "Anand,V"]
[PlyCount "63"]
[EventDate "1992.04.??"]
[EventType "swiss"]
[EventRounds "11"]
[EventCountry "GER"]
[SourceTitle "CBM 029"]
[Source "ChessBase"]
[SourceDate "1992.08.01"]
[SourceVersion "1"]
[SourceVersionDate "1992.08.01"]
[SourceQuality "1"]

1. e4 c5 2. Nf3 d6 3. d4 cxd4 4. Nxd4 Nf6 5. Nc3 a6 6. Be2 e5 7. Nb3 Be7 8. Be3
Be6 9. Qd2 O-O 10. f4 {Dolmatov's pet system against the Najdorf} Qc7 (10...
exf4 11. Bxf4 Nc6 12. O-O-O Ne5 13. Nd4 Qd7) (10... b5) 11. f5 Bc4 12. O-O-O
Bxe2 $6 (12... b5 13. g4 (13. Kb1 b4 14. Bxc4 Qxc4 15. Nd5 Nxd5 16. exd5 $14 (
16. Qxd5 $14)) 13... b4 14. Nd5 (14. Bxc4 bxc3 15. Qxc3 Rc8 16. Nd2) 14... Bxd5
15. exd5 a5 16. g5 a4 $1 $13) 13. Qxe2 Qc6 14. Qf3 a5 (14... b5 15. Bg5 Nbd7
16. Bxf6 (16. Kb1 b4 $2 17. Nd5) 16... Nxf6 17. Nd5 $14 (17. Rhe1 Rac8 18. Re2
$14)) 15. a4 $1 $16 b5 (15... Nbd7 16. g4 $16) 16. axb5 Qb7 17. Nd2 $1 Rc8 18.
Ndb1 {An original knight maneouvre.} a4 19. Rd3 $1 {Nimzowitsch would have
been very happy - first Dolmatov overprotects c3 then b5 and finally the d5
square!} Nbd7 20. Rhd1 Nc5 21. Bxc5 Rxc5 22. Na3 {Overprotection completed!}
Bf8 23. Kb1 Nd7 24. Nd5 $18 {White usually dreams of these positions} Nb6 25.
g4 (25. Nxb6 Qxb6 26. Rd5) 25... Nc4 26. Nxc4 Rxc4 27. b6 Qc6 28. Rc3 a3 29.
Rxa3 Rxa3 30. Qxa3 Rxe4 (30... Rxc2 31. b7 $18) 31. Qb3 $1 Qb7 32. Qf3 1-0

[Event "Amsterdam Euwe Memorial"]
[Site "Amsterdam"]
[Date "1996.03.27"]
[Round "5"]
[White "Anand, Viswanathan"]
[Black "Short, Nigel D"]
[Result "1-0"]
[WhiteElo "2725"]
[BlackElo "2665"]
[Annotator "Anand,V"]
[PlyCount "89"]
[EventDate "1996.03.22"]
[EventType "tourn"]
[EventRounds "9"]
[EventCountry "NED"]
[EventCategory "18"]
[SourceTitle "CBM 052"]
[Source "ChessBase"]
[SourceDate "1996.06.01"]
[SourceVersion "1"]
[SourceVersionDate "1996.06.01"]
[SourceQuality "1"]

{The field at this stage could be divided into two groups - those who were
leading (almost half the tournament was on +1!) and those who were not. Sadly,
I was firmly in the bottom of group two. My opponent was one of the leaders
and was in fine shape.} 1. e4 {Boensch Romero} c5 {Kasparov, Topalov and Short
played only Najdorfs against each other and Short won "this mini-tournament"
with 1.5/2 followed by Topalov with 1 and Kasparov with 0.5/2! Short also beat
Gelfand in a Najdorf. Therefore there seemed little reason to expect him to
deviate from this opening!} 2. Nf3 d6 3. d4 cxd4 4. Nxd4 Nf6 5. Nc3 a6 {
Nigel has recently included this opening in his repertoire - in case you
hadn't guessed already.} 6. Be2 {6.Bc4 was too macho for me at this point.} g6
{Romero: Probably Dragon is playable ( also with the move a6 ), against quiet
systems. Anand tries to choose a variation where the tempo a6 is not going for
black.} 7. g4 $1 {Somehow, I wasn't in the mood for a positional game today!} (
7. Be3 {Boensch} Bg7 8. Qd2 Nbd7 9. Bh6 Bxh6 10. Qxh6 b5 (10... Qb6 11. O-O-O
e5 12. Nb3 $16) (10... Ne5 11. h3 Qb6 12. O-O-O Bd7 $13 {/\0-0-0}) 11. O-O-O
Bb7 12. Rhe1 Rc8 13. Nd5 e5 14. Nxf6+ $2 Qxf6 15. Bg4 $2 exd4 16. e5 dxe5 17.
Rxd4 Rc7 18. f4 Kd8 $1 $17 {0-1 Ninov,N-Georgiev,Ki/Odorheiu zt (08) ;CBM 47
1995 (26)}) (7. O-O {Boensch} Bg7 8. Bg5 (8. a4 O-O 9. Be3 Nc6 10. Qd2 Bd7 11.
f3 Rc8 $10 {Kamsky,G-Ljubojevic,L/Monaco Amber blind (04) 1994/1-0 (48)}) 8...
Nc6 9. Nb3 b5 (9... O-O 10. Re1 Be6 11. Bf1 h6 12. Bh4 Ng4 13. h3 Nge5 14. Nd5
g5 15. Bg3 Ng6 16. c3 Be5 17. Bxe5 Ncxe5 18. Ne3 $14 {1-0 Tseshkovsky,
V-Zilberstein,V/St.Petersburg op (06) ;EXP 46 1995 (28)}) 10. f3 h6 11. Be3 Bb7
12. Qd2 Nd7 13. a4 b4 14. Nd5 Bxb2 15. Rab1 Bg7 16. Nxb4 $10 {1/2-1/2 Nielsen,
PH-Hodgson,JM/Forli op (07) 1992 (31)}) 7... h6 (7... b5 8. Bf3 $1 (8. g5 b4)
8... e5 (8... b4 $1 {Boensch} 9. e5 (9. Nd5 Nxd5 10. exd5 Bg7 $10) (9. Na4 e5
$17) 9... dxe5 10. Bxa8 (10. Nc6 Qxd1+ 11. Nxd1 e4 $19) 10... bxc3 11. Nf3
Qxd1+ 12. Kxd1 $44) 9. Nb3) (7... e5 8. Nb3 Be6 9. g5 Nfd7 10. h4 {/\ Be3,Qd2})
(7... Bg7 $145 {Boensch} 8. g5 Nfd7 9. Be3 Nc6 10. h4 h5 11. gxh6 Bxh6 12. Nxc6
bxc6 13. Qd4 {1/2-1/2 Robatsch,K-Szabo,L/Amsterdam IBM ;MCL 07 1972}) 8. h4 b5
(8... Bg7 {Seems more reasonable to me.}) 9. Bf3 {xe4} (9. a4 {Romero} b4 10.
Nd5 Bg7 {with the threat Nxg4}) 9... e5 {Romero: After this move white cannot
advance his g pawn.} (9... Ra7 $6 10. Be3 {/\ Nd5}) (9... Bb7 10. g5 $1 (10.
Nd5 $6 {Romero} Nbd7 11. Nxf6+ (11. g5 hxg5 12. hxg5 Rxh1+ 13. Bxh1 Nh7) 11...
Nxf6 12. e5 Bxf3 13. Qxf3 dxe5) (10. e5 $6 {Romero} Bxf3 11. Qxf3 dxe5 12. Qxa8
exd4 13. Ne2)) (9... b4 $1 {Boensch: Der Zwischenzug 8.h4 h6 ist eher
günstiger für Schwarz. - 7...b5}) 10. Nb3 Be6 {Romero: Black seems to be okay,
because the white structure is overextended and white's king ( also black's )
still has not a sure place. The next move is very surprising. Anand would like
to close the queenside and castle there. A deep idea.} 11. a4 $1 (11. Nd5 $5 {
Romero}) 11... b4 {Romero: Possibly it was better to keep the dynamism of the
position playing the always sharp 11...bxa4.} (11... bxa4 12. Rxa4 Nc6 (12...
Be7 13. Na5 $1) (12... Nbd7 {Romero} 13. Qe2 (13. Nd5 Nb6 (13... Bxd5 14. exd5
Nb6 15. Ra5 Nc4 16. Ra2) 14. Nxb6 Qxb6) 13... Nb6 (13... Qb6 $1) 14. Rxa6 Bc4
15. Rxa8 Qxa8 16. Qe3 Qa6) 13. Nd5 Bg7 14. g5 $14 (14. g5 hxg5 15. hxg5 (15.
Bxg5 Bxd5 16. exd5 Ne7 $14) 15... Rxh1+ 16. Bxh1 Nd7 $14)) 12. Nd5 Bxd5 13.
exd5 {White has the two bishops and a nice position to boot!} a5 $6 {Otherwise
White would play 5 himself, but giving up the b5 square is not advisable under
any circumstances.  Boensch: Verschenkt wertvolle Entwicklungszeit, die
"Drohung" a4-a5 ist nicht so gewaltig. Nebenbei wird das Feld b5 empfindlich
geschwächt.} (13... Bg7 14. a5 Nbd7 15. Bd2 e4 $132) 14. Be3 Nbd7 15. Qe2 $1 {
/\ Qb5} Be7 16. O-O-O {Romero: Now White is clearly better. Black's
counterplay doesn t exist. Normally White would play at the king side, but
look at the fashionable plan that follows.} Kf8 17. Qb5 $1 {Before Black can
develop. xa5} Kg7 (17... h5 {Romero} 18. g5) (17... Rb8 18. Qxa5 Qxa5 19. Nxa5
Ra8 20. Nc6 Rxa4 21. b3 Ra1+ 22. Kb2 Rxd1 23. Rxd1 $16) 18. g5 $1 {Romero:
This move just sacrifices one pawn for two and clarifies the position in
typical Anand style. Boensch: Die schwarzen Figuren sollen am K-Flügel
konzentriert werden, danach kann Weiß in Ruhe den Q-Flügel abräumen.} hxg5 19.
hxg5 Nh7 (19... Rxh1 20. gxf6+ $18) 20. Bg4 $1 $16 {Just in time. Otherwise
Black will win Pg5 and trade the Be3} Ndf8 {Black decides to let his queenside
go up in flames and try his best on the other flank.} (20... Nhf8 21. Rxh8 (21.
Kb1 {Romero /\f4}) 21... Kxh8 22. Kb1 $1 {And now Black is tied down to
defending his pieces and is unable to exploit Pg5. White can follow up with
f2-f4 if Black takes, a further Nd4-c6.} (22. Kb1 Kg8 23. f4 exf4 24. Bxf4 Ne5
25. Bxe5 dxe5 26. d6 $16)) (20... Nc5 21. Nxc5 dxc5 22. d6 Bxg5 23. Qxc5 Bxe3+
24. fxe3 Qg5 25. d7 $1 (25. Be2 Rhc8 26. Qb6 Rcb8) (25. Bf3 Rac8 (25... e4 $2
26. Rxh7+ $1) 26. Bc6 $18 {/\ d7}) 25... Qxg4 (25... Rhd8 26. Bf3 $1 $18) 26.
Qxe5+ Nf6 27. Rxh8 Rxh8 28. d8=Q Rxd8 29. Rxd8 $18) 21. Bb6 Bxg5+ 22. Kb1 Qb8
23. Nxa5 Bd8 (23... Nf6 24. Rxh8 Kxh8 25. Bh3 $16) 24. Bxd8 Qxd8 (24... Qxb5
25. axb5 Rxd8 26. Nc6 {/\ b6-b7} (26. Nb7 $5 $18) (26. Nb7 Rb8 27. Nxd6 $18))
25. Nc6 Qc7 26. Qxb4 f5 27. Be2 (27. Bxf5 $2 gxf5 28. Qh4 Ng6 29. Rdg1 (29.
Qh6+ Kf6 30. Rdg1 Rag8 $15) 29... Qf7 30. Qh6+ (30. Ne7 Ng5 $1 31. Qxg5 Rxh1
32. Rxh1 Qxe7 33. Qh6+ Kf6 $17) 30... Kf6 $15) 27... Nd7 28. f4 Nc5 (28... e4
$2 29. Nd4 $18 {[%csl Re6]}) 29. Bb5 $1 (29. fxe5 Rxa4 (29... Nxa4 30. exd6 $18
) 30. exd6 $1 Qxd6 31. Qc3+ Nf6 (31... Qf6 32. Qxc5 Rha8 33. c3 $18) (31... Kg8
32. Rdg1 Ne4 33. Ne7+ $18) 32. Rxh8 Kxh8 (32... Kxh8 33. Bb5 $18 (33. Qe5 Nce4
(33... Qxe5 34. Nxe5 Re4 35. Nd3 $16) 34. Ne7 Kg7 35. Qxd6 Nxd6 36. Rg1 $16)))
29... exf4 30. Qxf4 Nf6 31. Nd4 $1 Kf7 32. Ne6 $1 (32. Bc6 {The lazier
approach, but the game continuation is fine.} Rxh1 33. Rxh1 Rd8 34. Nb5 Qe7 35.
a5) 32... Rxh1 (32... Nxe6 33. dxe6+ Kxe6 34. Rhe1+ Kf7 (34... Ne4 35. Rxe4+
fxe4 36. Rf1 $1 $18) 35. Rxd6 $18) 33. Rxh1 $2 (33. Nxc7 $1 {I saw that this
won, but liked the game continuation more. Unfortunately I had missed
something.} Rxd1+ 34. Ka2 Rd8 (34... Ra7 35. Qxd6 Nxa4 36. Qe6+ Kg7 37. Qe7+
Kg8 (37... Kh6 $2 38. Qe3+ $1 $18) 38. Qxf6 Nc5+ 39. Na6 $18 (39. Ba6 $18)) 35.
a5 $1 {/\ a6-a7 +- I don't see any way for Black to stop the aP.} (35. a5 Nfe4
36. a6 Rh8 37. Qf3 Rhh1 38. Qxd1 Rxd1 39. a7 $18)) 33... Nxe6 34. dxe6+ Kxe6
35. Rg1 {And Black has no way to defend against Rg6+ and Bc4+ - or so I
thought.} (35. Bc4+ Kd7 36. Qd4 $16) 35... Rc8 $1 {This came as a shock to me
and Nigel looked happy after a long time.} 36. c3 {I took a deep breath and
then realized that White still had some chances due to Black's exposed K and
his my control of the e8 square. So, I continued.} Kf7 37. Qh6 $1 Rg8 38. Qe3 {
The point of Qh6 - Black can't play Qc5 now due to the Rg8.} d5 $2 {Black's
position is difficult, but Black should have tried to do without this move.} (
38... Rh8 $5 {Probably White doesn't have that much anymore.} 39. Qd4 $140 Qc5
$1 (39... Qc5 40. Qxc5 dxc5 41. a5 Ne4 42. a6 Kf6 43. Bc6 Nd2+ 44. Kc2 Nc4 45.
a7 Nb6 46. Ra1 Na8 47. Ra5 c4 48. Rb5 $18)) 39. Re1 $1 Ne4 (39... Rh8 40. Qe6+
Kg7 41. a5 $1 $16 Ne4 (41... Rh2 42. Qe7+ $1) 42. Rg1) (39... Ra8 $1 40. Qe6+
Kg7 {Es ist nicht leicht den Gewinn nachzuweisen. z.B.} 41. Rg1 Qh2 42. Qe7+
Kh6) 40. Qd4 Rd8 41. c4 {The consequence of d5 - White can open the position
further - now he will soon use the c-file.} g5 42. cxd5 Kg6 (42... g4 43. Rc1
Qf4 44. Qa7+ $16) 43. Rc1 Qf4 44. Rc6+ Kh5 (44... Rd6 45. Rxd6+ Qxd6 46. a5 $18
) 45. Qd1+ $1 {A very important game for me - My first win of the tournament,
against one of the leaders and to top it all, Nigel had been a difficult
opponent for me before this game. The win was therefore most welcome!} (45.
Qd1+ Kh4 46. Rh6+ Kg3 47. Qd3+ Kg2 (47... Qf3 48. Rh3+ $18) 48. Qh3+ Kg1 49.
Qh1+ Kf2 50. Qf1+ Ke3 (50... Kg3 51. Rh3+ Kg4 52. Be2+ $18) 51. Qe2+ Kd4 52.
Qd3+ Kc5 53. Qc4#) 1-0

[Event "Cullera Magistral"]
[Site "Cullera"]
[Date "2004.07.21"]
[Round "2"]
[White "Castella Garcia, Fausto"]
[Black "Arizmendi Martinez, Julen Luis"]
[Result "0-1"]
[WhiteElo "2416"]
[BlackElo "2534"]
[Annotator "Arizmendi,J"]
[PlyCount "50"]
[EventDate "2004.07.??"]
[EventType "tourn"]
[EventRounds "9"]
[EventCountry "ESP"]
[EventCategory "6"]
[SourceTitle "CBM 101 Extra"]
[Source "ChessBase"]
[SourceDate "2004.09.01"]
[SourceVersion "2"]
[SourceVersionDate "2004.09.01"]
[SourceQuality "1"]

1. e4 c5 2. Nf3 d6 3. d4 cxd4 4. Nxd4 Nf6 5. Nc3 a6 6. Be2 e5 7. Nb3 Be7 8. O-O
O-O 9. Re1 {A plan of Efim Geller that worked pretty well in its early days.
White wants to play 10.Bf1 in order to protect e4, and then hop into d5 with
his knight. The idea is also employed often in the Classical Sicilian (1.e4 c5
2.Nf3 d6 3.d4 cxd4 4.Nxd4 Nf6 5.Nc3 Nc6), but there, after Black takes on d5,
he has to waste important tempi because his c6-knight will be under attack. In
the Najdorf, however, Black soon found ways to obtain a good game, and the
line more or less disappeared from Master practice. Nowadays only GM Kevin
Spraggett enjoys some success with this line, but this seems to be due to his
greater understanding of the subtleties of the position.} Be6 10. Bf1 Nbd7 11.
a4 $6 {Strangely enough, this natural move is a mistake already, and I knew it
because I had played it myself once.} ({Correct is} 11. Nd5 Nxd5 12. exd5 Bf5
13. a4 Rc8 14. c3 Bg6 {, with chances for both sides.}) 11... Rc8 12. a5 (12.
Nd5 Bxd5 13. exd5 Nb6 14. g4 {the only way to keep the pawn.} h6 15. Bg2 Nc4 {
looks quite good for Black. White´s fourteenth move simply weakened too many
dark squares.}) 12... Qc7 {Now Nd5 is prevented due to the pressure on c2.} 13.
f3 ({I played} 13. Bg5 {here, which is a better try for equality.}) 13... h6 {
the strongest continuation. White can do very little to prevent Black from
playing d6-d5.} 14. Be3 Qc6 15. Qd2 d5 {When Black carries this pawn-break out
in the Najdorf it usually means he already stands better.} 16. exd5 Nxd5 17.
Nxd5 Bxd5 18. f4 $6 {Castella seeks to complicate the game, but he merely
weakens his position further. More appropiate would be} (18. Rad1 Nf6 (18...
Be6 19. Bd3 Rfd8 $15)) 18... Rfd8 19. Rac1 (19. fxe5 Bxb3 (19... Nxe5 20. Bb6
Bxb3 21. Bxd8 Rxd8 (21... Bc5+ 22. Kh1 Ng4 23. Bh4) 22. Qe2 Bh4 $17) 20. cxb3
Nxe5) 19... Bf6 $1 {Forcing White to release the tension in the center.} 20. f5
Be7 $1 {Now the knight will head for e4 and g4.} 21. c4 Be4 22. Qf2 Nf6 23. Bb6
Rd7 24. Rcd1 $2 {A big mistake, but White´s position was difficult already.} (
24. c5 Bd3 $15) (24. h3 Bb4 $15 (24... Re8 $15)) 24... Bb4 (24... Rxd1 25. Rxd1
Qa4 $19) 25. Nd2 $6 Ng4 (25... Ng4 26. Qg3 Bc5+ 27. Bxc5 Qxc5+ 28. Kh1 Nf2+ $19
) 0-1

[Event "SRB Central-ch op-A 7th"]
[Site "Paracin"]
[Date "2014.07.05"]
[Round "3"]
[White "Zajic, Milan"]
[Black "Atalik, Suat"]
[Result "0-1"]
[WhiteElo "2415"]
[BlackElo "2550"]
[Annotator "Atalik,S"]
[PlyCount "142"]
[EventDate "2014.07.04"]
[EventType "swiss"]
[EventRounds "9"]
[EventCountry "SRB"]
[SourceTitle "CBM 163"]
[Source "ChessBase"]
[SourceDate "2014.11.11"]
[SourceVersion "1"]
[SourceVersionDate "2014.11.11"]
[SourceQuality "1"]

1. e4 c5 2. Nf3 d6 3. d4 cxd4 4. Nxd4 Nf6 5. Nc3 a6 6. Be2 e5 7. Nb3 Be6 $5 {
A move which was considered to be bad in Najdorf.} ({However the game
continuation prevents variations such as} 7... Be7 8. Bg5 (8. g4 h6) 8... Be6 (
8... Nbd7 $5 9. a4) 9. Bxf6 Bxf6 10. Qd3 Be7 11. Nd5 Nd7 12. O-O-O Bxd5 13.
Qxd5 Qc7 $14) 8. f4 (8. Bg5 Nbd7) 8... Be7 $1 {An unnoticed move at least it
was used to be for me.} (8... Qc7 9. g4 $1 exf4 10. g5 Nfd7 11. Bxf4 Nc6 12.
Qd2 Nce5 13. O-O-O $16 {is better for White.}) 9. f5 Bd7 10. Bf3 Bc6 11. Be3 ({
No real time for} 11. g4 Nfd7) 11... h5 $6 $146 {I do not like my choice since
it provides White with space.} (11... b5 12. a3 h5 $1) 12. a4 $1 Nbd7 ({
I did not want to commit} 12... b6 13. Nd2 Nbd7) 13. a5 Rc8 14. O-O $6 (14. h3
$142 h4 15. O-O $14) 14... Ng4 $1 {The start of a plan providing Black with
serious counterplay.} 15. Bxg4 hxg4 16. Qxg4 Nf6 17. Qe2 (17. Qxg7 $2 Rg8 18.
Qh6 Nxe4 $19) 17... Qd7 $1 {The point is Bb5.} 18. Bb6 $2 {Allowing Black's
main idea for a second time is equal to give the advantage.} (18. Bg5 Bb5 (
18... Nxe4 $2 19. Nxe4 Bxe4 20. Bxe7 Bxc2 21. Nd4 $1 $18) 19. Nxb5 Qxb5 20.
Qxb5+ axb5 21. Bxf6 Bxf6 22. c3 Bg5 23. Rfe1 Kd7 24. a6 bxa6 25. Rxa6 Ra8 $44)
(18. Nd2 d5 19. exd5 Nxd5 20. Nxd5 Qxd5 21. Qg4 Bf6 $44) 18... Bb5 $1 19. Nxb5
Qxb5 20. Qd3 (20. Qxb5+ axb5 21. Nd2 Rxc2 22. Rfc1 Rc6) 20... d5 $5 {A risky
move} ({but} 20... Qc4) ({or} 20... Qc6 21. Rfe1 Rh4 (21... Qxc2 22. Rac1 Qxd3
23. Rxc8+ Kd7 24. Rc7+ $11) 22. Nd2 Qxc2 23. Qxc2 Rxc2 24. Rac1 Rxd2 25. Rc8+
Kd7 26. Rc7+ $11 {leads to a forced draw.}) 21. exd5 (21. Qxb5+ axb5 22. exd5
Nxd5 23. Rfe1 f6 $13) 21... Qxd3 22. cxd3 Nxd5 23. Rae1 Nxb6 24. axb6 Rh6 {
Black takes over the initiative.} (24... Kd7 $5 {was another safe choice} 25.
Rxe5 (25. Na5 $6 f6 $36) 25... Bd6 26. Re4 Bxh2+ 27. Kf2 Rc2+ 28. Kf3 Bd6 29.
Na5 Rc5 30. Nxb7 Rxf5+ 31. Ke2 Rxf1 32. Kxf1 Rb8 33. Nxd6 Kxd6 34. Rb4 Kc6 35.
Rc4+ Kxb6 36. Ke2 $11) 25. Rxe5 Rxb6 26. Nd2 $6 (26. Rfe1 Rc7 $36 (26... Rxb3
27. Rxe7+ Kf8 $11)) 26... Kf8 27. Nc4 {After this I was in between two moves.}
Rbc6 (27... Rb3) 28. Rfe1 Bb4 $5 {I was already aiming for simplifications.} (
28... Bc5+ 29. Kf1 b5 30. Na5 R6c7 $15) 29. R1e2 $6 (29. R1e4 $142) 29... b5
30. Ne3 Rd6 31. Rd5 Rcd8 32. Rxd6 Rxd6 33. Nc2 Bc5+ 34. d4 Bxd4+ 35. Nxd4 Rxd4
36. b3 $2 $138 {Being short of time and standing behind a more or less
inferior position Milan violates one of principles by playing on the flank
where he stood worse.} (36. g3 a5 37. Kf2 Rd3 38. f6 gxf6 39. Re3 Rd5 40. Ke2
a4 41. Rd3 Rc5 42. Kd2 $11) 36... a5 37. Ra2 a4 38. bxa4 bxa4 {Now the a
passer combined with the weakness in the kingside brings Black over the top.}
39. f6 (39. Kf2 Ke7 40. Ke3 Rb4 41. h3 Kf6 42. g4 Ke5 43. Kd3 Kf4 $17) 39... g5
$1 40. Kf2 Kg8 41. Re2 (41. Ke3 Rf4 42. g3 Rb4 $17) 41... Rf4+ 42. Kg3 {
Now his king is confined to the edge of the board.} Kh7 43. Re5 Kg6 44. Ra5
Kxf6 45. Kh3 Kg6 (45... Rh4+ 46. Kg3 Kg6 47. Kf3 f5 $19) 46. g4 Rb4 47. Ra6+
Kg7 (47... f6 $2 48. Ra7 $1) 48. Kg3 Rb3+ 49. Kg2 a3 50. Ra5 f6 51. Ra7+ Kf8
52. h3 Ke8 53. Ra6 Ke7 54. Kh2 Rb2+ 55. Kg3 a2 $19 {White's problem is that he
can never sac the rook for Black's pawns and draw the ensuing ending with his
g-passer against the rook.} 56. Kf3 (56. h4 gxh4+ 57. Kxh4 Kd7 58. Kh5 Kc7 59.
Kg6 Kb7 60. Ra3 (60. Rxa2 Rxa2 61. Kxf6 Kc7 62. g5 Kd6 63. g6 Rf2+ $19) 60...
Rf2 61. Kf7 Kc6 62. Kg6 Kc5 63. Ra8 Kb4 64. Rb8+ (64. Rxa2 Rxa2 65. Kxf6 Kc5
66. g5 Kd6 $19) 64... Kc3 65. Ra8 Kb2 66. Rb8+ Kc1 67. Ra8 Kb1 68. Rb8+ Rb2 69.
Re8 (69. Ra8 Rb4 $19) 69... Rb4 $19 {Simply in all the cases Black's king is
close enough.}) 56... Kd7 57. Ke4 Kc7 58. Kf5 $2 {This made my job easy.} ({
He had to try to oppose my king and not to allow him to reach the queenside to
support the passer.} 58. Kd4 Kb7 59. Ra3 Kc6 60. Kc4 Rh2 61. Ra7 Kd6 62. Kd4
Ke6 63. Ke4 Rd2 64. Ke3 Rg2 65. Ke4 Rh2 $22 66. Ra6+ Kf7 67. Kf5 Rf2+ 68. Ke4
Kg6 {However in this case Black wins both White's pawns since the white king
can not return to the safe haven from the 4th rank to protect them.} 69. Kd4
Rh2 70. Kd5 Rxh3 71. Rxa2 Rd3+ 72. Ke6 Rd4 73. Rg2 Re4+ 74. Kd5 Rf4 75. Ke6 f5
76. gxf5+ Rxf5 $19) 58... Rf2+ 59. Kg6 Kb7 60. Ra3 Kc6 61. Kh5 (61. Rxa2 Rxa2
62. Kxf6 Ra5 $19) 61... Kd5 62. Ra4 Kc5 63. Ra8 Kb4 64. Kg6 Kb3 65. Rb8+ Kc2
66. Ra8 Kb1 67. Rb8+ Rb2 68. Re8 (68. Ra8 Rb6 $19) 68... a1=Q ({There is even
no need for} 68... Rb6 69. Re1+ Kb2 70. Re2+ Ka3 71. Re1 Rb1 72. Re8 a1=Q 73.
Ra8+ Kb4 74. Rxa1 Rxa1 75. Kxf6 Ra5 $19) 69. Re1+ Ka2 70. Rxa1+ Kxa1 71. Kxf6
Rb5 (71... Rb5 72. Kg6 Kb2 73. Kh5 Kc3 74. h4 gxh4+ 75. Kxh4 Kd4 $19 {and once
again the fastly approaching king decides the issue.}) 0-1